Southville International School and Colleges
Your cart is empty.
  • Cart
  • Lists
    Public lists Eva Luna New books Lux_list list_1
    Your lists Log in to create your own lists
  • Log in to your account
  • Your cookies
  • Search history
Southville International School and Colleges
  • Advanced search
  • Recent comments
  • Most popular
  • Libraries

Log in to your account

Log in with GOOGLE


If you do not have an external account, but do have a local account, you can still log in:

  1. Home
  2. MARC view: Reading, writing, and rigor :
Normal view MARC view ISBD view

Reading, writing, and rigor : (Record no. 362040)

[ view plain ]
MARC details
000 -LEADER
fixed length control field 00454nam a2200133Ia 4500
008 - FIXED-LENGTH DATA ELEMENTS--GENERAL INFORMATION
fixed length control field 190813s9999 xx 000 0 und d
100 ## - MAIN ENTRY--PERSONAL NAME
Personal name Boyles, Nancy.
245 ## - TITLE STATEMENT
Statement of responsibility, etc Nancy Boyles.--
Title Reading, writing, and rigor :
Remainder of title helping students achieve greater depth of knowledge in literacy /
260 ## - PUBLICATION, DISTRIBUTION, ETC. (IMPRINT)
Place of publication, distribution, etc Virginia :
Name of publisher, distributor, etc ASCD
Date of publication, distribution, etc 2018
300 ## - PHYSICAL DESCRIPTION
Extent 210 pages.
500 ## - GENERAL NOTE
General note Includes bibliographic references and index.
650 ## - SUBJECT ADDED ENTRY--TOPICAL TERM
Topical term or geographic name as entry element Language arts.
650 ## - SUBJECT ADDED ENTRY--TOPICAL TERM
Topical term or geographic name as entry element Reading.
Holdings
Withdrawn status Lost status Damaged status Home library Current library Shelving location Date acquired Source of acquisition Total Checkouts Full call number Barcode Date last seen Price effective from Koha item type
      College Library College Library Reserve Section 08/13/2019     LB 1576 .B547 2018 C21825 08/13/2019 08/13/2019 Books

Reading, writing, and rigor :

APA

Boyles N., . (2018). Reading, writing, and rigor. Virginia: ASCD.

Chicago

Boyles Nancy, . 2018. Reading, writing, and rigor. Virginia: ASCD.

Harvard

Boyles N., . (2018). Reading, writing, and rigor. Virginia: ASCD.

MLA

Boyles Nancy, . Reading, writing, and rigor. Virginia: ASCD. 2018.

  • Place hold
  • Print
  • Cite
  • Add to your cart (remove)
  • Save record
    BIBTEX Dublin Core MARCXML MARC (non-Unicode/MARC-8) MARC (Unicode/UTF-8) MARC (Unicode/UTF-8, Standard) MODS (XML) RIS
  • More searches
    Search for this title in:
    Other Libraries (WorldCat) Other Databases (Google Scholar) Online Stores (Bookfinder.com) Open Library (openlibrary.org)

Exporting to Dublin Core...

SOUTHVILLE LIBRARY

Southville International School and Colleges Library

1281 Tropical Ave. Cor. Luxembourg St., BF Homes International, Las Pinas City

Tel. No. 8256374 / 252358 Loc. 117/146

Powered by Koha